[Event "21st ch-EUR Indiv 2021"]
[Site "Reykjavik ISL"]
[Date "2021.09.04"]
[Round "10.45"]
[White "Halldorsson, Jon Arni"]
[Black "Kulaots, Kaido"]
[Result "0-1"]
[BlackTitle "GM"]
[WhiteElo "2115"]
[BlackElo "2548"]
[WhiteFideId "2301075"]
[BlackFideId "4500261"]
[EventDate "2021.08.26"]

1. d4 Nf6 2. Nf3 e6 3. g3 b5 4. Bg2 Bb7 5. O-O c5 6. c3 Na6 7. Bg5 Be7 8. Nbd2
O-O 9. Re1 h6 10. Bxf6 Bxf6 11. e4 Rb8 12. a3 cxd4 13. cxd4 d6 14. Rc1 Qb6 15.
Nb1 b4 16. a4 Rbc8 17. Qd3 Nb8 18. Nbd2 d5 19. e5 Be7 20. Qe3 Qa5 21. Nb3 Qxa4
22. Ra1 Qb5 23. Bf1 Qb6 24. Bd3 Ba6 25. Bxa6 Nxa6 26. Rec1 Nb8 27. Qd3 Rc6 28.
Rxc6 Nxc6 29. Rc1 a5 30. Nc5 Bxc5 31. Rxc5 a4 32. Qc2 b3 33. Qc3 Nb4 34. Nd2 Ra8
35. Nb1 Nc2 36. Qd3 Qb4 0-1

[Event "21st ch-EUR Indiv 2021"]
[Site "Reykjavik ISL"]
[Date "2021.09.04"]
[Round "10.46"]
[White "Martinovic, Sasa"]
[Black "Kanyamarala, Tarun"]
[Result "1-0"]
[WhiteTitle "GM"]
[BlackTitle "FM"]
[WhiteElo "2548"]
[BlackElo "2369"]
[WhiteFideId "14509792"]
[BlackFideId "45004714"]
[EventDate "2021.08.26"]

1. d4 Nf6 2. c4 e6 3. Nc3 Bb4 4. e3 O-O 5. Bd2 d5 6. Nf3 b6 7. cxd5 exd5 8. Rc1
Bb7 9. Bd3 Re8 10. O-O Bf8 11. Ne5 c5 12. Be1 Nc6 13. Bb5 Nxe5 14. Bxe8 Qxe8 15.
dxe5 Qxe5 16. Ne2 Ba6 17. Bc3 d4 18. Nxd4 cxd4 19. Bxd4 Qe8 20. Re1 Ne4 21. Qg4
Nc5 22. Red1 Ne6 23. Bc3 Rc8 24. Rd2 Rc4 25. Qd1 Qc6 26. Rdc2 Qe4 27. Bd2 Rxc2
28. Qxc2 Qxc2 29. Rxc2 Be7 30. f3 Kf8 31. Kf2 f5 32. b4 Bb7 33. a3 a6 34. Bc3
Ke8 35. Rd2 g6 36. Be5 Bc6 37. Bd6 Bf6 38. Bb8 Bh4+ 39. Bg3 Bxg3+ 40. Kxg3 Ke7
41. h4 h6 42. Rd3 Bb5 43. Rd1 Bc4 44. e4 fxe4 45. fxe4 Nc7 46. Rc1 b5 47. Kf4
Kf6 48. Rd1 Ne6+ 49. Ke3 Ke7 50. e5 Ng7 51. g4 Ne8 52. Kf4 Be6 53. g5 h5 54. Rc1
Bc4 55. Rd1 Be6 56. Ke4 Bc4 57. Rd2 Be6 58. Rf2 Ng7 59. Rf6 Bf5+ 60. Kd5 Ne6 61.
Kc6 Nf8 62. Rd6 Nd7 63. Kd5 Bd3 64. Re6+ Kd8 65. Rxa6 1-0

[Event "21st ch-EUR Indiv 2021"]
[Site "Reykjavik ISL"]
[Date "2021.09.04"]
[Round "10.47"]
[White "Valsecchi, Alessio"]
[Black "Maltsevskaya, Aleksandra"]
[Result "1-0"]
[WhiteTitle "GM"]
[BlackTitle "WGM"]
[WhiteElo "2527"]
[BlackElo "2409"]
[WhiteFideId "818860"]
[BlackFideId "24174041"]
[EventDate "2021.08.26"]

1. e4 c5 2. Nf3 e6 3. d4 cxd4 4. Nxd4 Nc6 5. Nc3 a6 6. Be3 Nf6 7. Be2 Qc7 8. O-O
Be7 9. f4 d6 10. Kh1 O-O 11. Qe1 Nxd4 12. Bxd4 b5 13. Qg3 Bb7 14. a3 Rad8 15.
Rae1 Bc6 16. Bf3 Qb7 17. b4 Ne8 18. Nb1 Bf6 19. c3 Qe7 20. Bxf6 Nxf6 21. e5 Nd5
22. Nd2 dxe5 23. fxe5 Nb6 24. Re2 Rd3 25. Qf2 Bxf3 26. gxf3 Nd5 27. Ne4 Nxc3 28.
Nf6+ Kh8 29. Qh4 gxf6 30. Rg2 Rdd8 31. Rg3 Nd1 32. Rh3 Nf2+ 33. Rxf2 Rd1+ 34.
Rf1 Rxf1+ 35. Kg2 1-0

[Event "21st ch-EUR Indiv 2021"]
[Site "Reykjavik ISL"]
[Date "2021.09.04"]
[Round "10.48"]
[White "Domalchuk-Jonasson, Aleksandr"]
[Black "Kobo, Ori"]
[Result "0-1"]
[BlackTitle "GM"]
[WhiteElo "2052"]
[BlackElo "2490"]
[WhiteFideId "14142805"]
[BlackFideId "2812320"]
[EventDate "2021.08.26"]

1. d4 Nf6 2. c4 g6 3. Nc3 Bg7 4. e4 d6 5. h3 Nbd7 6. Be3 e5 7. d5 Nc5 8. Qc2 a5
9. Be2 h5 10. Nf3 Qe7 11. Nd2 h4 12. Nb3 Ncxe4 13. Nxe4 Nxe4 14. c5 Nf6 15. Bb5+
Kf8 16. cxd6 cxd6 17. Rc1 Bf5 18. Qd2 Kg8 19. O-O a4 20. Na5 Be4 21. Rc4 Bxd5
22. Rxa4 Qe6 23. Rd1 Rc8 24. Bg5 Rc5 25. Bxf6 Qxf6 26. Be2 Bh6 27. Qe1 b5 28. b4
Qg5 29. Qf1 Rc2 30. Bxb5 Bf3 31. Re1 e4 32. Be2 e3 33. Kh1 exf2 34. Qxf2 Bxe2
35. Rxe2 Qc1+ 36. Re1 Rxf2 0-1

[Event "21st ch-EUR Indiv 2021"]
[Site "Reykjavik ISL"]
[Date "2021.09.04"]
[Round "10.49"]
[White "Petenyi, Tamas"]
[Black "Fruebing, Stefan"]
[Result "1-0"]
[WhiteTitle "IM"]
[BlackTitle "IM"]
[WhiteElo "2463"]
[BlackElo "2406"]
[WhiteFideId "14909090"]
[BlackFideId "4682165"]
[EventDate "2021.08.26"]

1. e4 e5 2. Nf3 Nc6 3. Bb5 Nf6 4. Qe2 Bc5 5. c3 O-O 6. d3 h6 7. h3 d6 8. g4 Nh7
9. Nbd2 a6 10. Ba4 Ne7 11. Nf1 Ng6 12. Ng3 Ng5 13. Nxg5 hxg5 14. Nf5 Nf4 15.
Bxf4 exf4 16. d4 Bb6 17. O-O-O d5 18. h4 g6 19. hxg5 Qxg5 20. f3 Bxf5 21. gxf5
dxe4 22. fxg6 fxg6 23. Rdg1 Qf5 24. fxe4 Qf6 25. e5 f3 26. Qc4+ 1-0

[Event "21st ch-EUR Indiv 2021"]
[Site "Reykjavik ISL"]
[Date "2021.09.04"]
[Round "10.50"]
[White "Thorfinnsson, Bragi"]
[Black "Jacobsen, Mikkel Manosri"]
[Result "1-0"]
[WhiteTitle "GM"]
[BlackTitle "FM"]
[WhiteElo "2439"]
[BlackElo "2309"]
[WhiteFideId "2300958"]
[BlackFideId "1444514"]
[EventDate "2021.08.26"]

1. e4 c5 2. Nf3 Nf6 3. Nc3 d5 4. exd5 Nxd5 5. Bc4 Nb6 6. Bb5+ Bd7 7. O-O e6 8.
d4 a6 9. Bxd7+ Qxd7 10. Ne5 Qxd4 11. Qe2 N8d7 12. Nf3 Qc4 13. Qe1 Be7 14. b3 Qg4
15. a4 O-O 16. a5 Nc8 17. Ra4 Qg6 18. Qe2 Nd6 19. Rd1 Rfd8 20. Bf4 Nf8 21. Ne5
Qf6 22. h4 Qxh4 23. Nc6 Nb5 24. Be5 Nd4 25. Bxd4 cxd4 26. g3 Qh6 27. Nxd8 Bxd8
28. Rdxd4 Bf6 29. Rd3 Rc8 30. Ne4 Qc1+ 31. Qd1 Rxc2 32. Nxf6+ gxf6 33. Qxc1
Rxc1+ 34. Kg2 Kg7 35. Rc4 Ra1 36. b4 Rb1 37. Rd6 Ng6 38. Rb6 Ne5 39. Rc7 Rb2 40.
Rcxb7 Kg6 41. Rxa6 f5 42. Ra8 Nd3 43. a6 Nxf2 44. Rg8+ Kf6 45. a7 Ne4+ 46. Kf1 1-0

[Event "21st ch-EUR Indiv 2021"]
[Site "Reykjavik ISL"]
[Date "2021.09.04"]
[Round "10.51"]
[White "Lubbe, Nikolas"]
[Black "Gueci, Tea"]
[Result "1-0"]
[WhiteTitle "IM"]
[BlackTitle "WIM"]
[WhiteElo "2427"]
[BlackElo "2188"]
[WhiteFideId "4694031"]
[BlackFideId "872342"]
[EventDate "2021.08.26"]

1. Nf3 c5 2. e3 Nc6 3. b3 d5 4. Bb2 Nf6 5. Bb5 Bd7 6. O-O e6 7. d4 cxd4 8. exd4
Bd6 9. Re1 O-O 10. Nbd2 Rc8 11. a3 Ne7 12. Bd3 Ng6 13. g3 Bc6 14. Qe2 Nd7 15. h4
Re8 16. h5 Ngf8 17. Rad1 f5 18. c4 Nf6 19. c5 Bb8 20. Ne5 Ne4 21. Ndf3 Nd7 22.
b4 Ba4 23. Rc1 Bxe5 24. dxe5 b6 25. cxb6 Nxb6 26. Bd4 Bb3 27. Qe3 Bc4 28. Bb1
Rb8 29. Qf4 Rf8 30. Be3 Qe8 31. Qh4 Rb7 32. Nd4 Na4 33. Bc2 Nec3 34. Kg2 Na2 35.
Bxa4 Qxa4 36. Nxe6 Nxc1 37. Nxf8 Nd3 38. Qd8 Nxe1+ 39. Kh1 Re7 40. Nd7+ Kf7 41.
Qf8+ Ke6 42. Nc5+ 1-0

[Event "21st ch-EUR Indiv 2021"]
[Site "Reykjavik ISL"]
[Date "2021.09.04"]
[Round "10.52"]
[White "Baltag, Iulian"]
[Black "Bergsson, Stefan"]
[Result "1-0"]
[WhiteTitle "IM"]
[WhiteElo "2410"]
[BlackElo "2158"]
[WhiteFideId "13901419"]
[BlackFideId "2301393"]
[EventDate "2021.08.26"]

1. d4 Nf6 2. c4 e6 3. Nf3 d5 4. Nc3 Bb4 5. Qa4+ Nc6 6. e3 O-O 7. Bd2 a6 8. Qc2
Re8 9. a3 Bf8 10. Bd3 g6 11. O-O dxc4 12. Bxc4 Rb8 13. Ba2 b5 14. Rfd1 Bb7 15.
Be1 b4 16. Na4 bxa3 17. bxa3 Bxa3 18. Bxe6 Bd6 19. Bh3 Nb4 20. Bxb4 Be4 21. Qe2
Rxb4 22. Ne5 Qe7 23. Nd3 Bxd3 24. Qxd3 Ne4 25. g3 Qf6 26. Rf1 c5 27. Bg2 c4 28.
Qc2 Ng5 29. Nc3 Rbb8 30. Nd5 Qd8 31. Qxc4 a5 32. Qa6 Ra8 33. Qxa8 Qxa8 34. Nf6+
Kg7 35. Bxa8 Rxa8 36. Nd5 h5 37. h4 Ne4 38. Rfc1 g5 39. hxg5 Nxg5 40. Rc6 Ne4
41. f3 1-0

[Event "21st ch-EUR Indiv 2021"]
[Site "Reykjavik ISL"]
[Date "2021.09.04"]
[Round "10.53"]
[White "Gombocz, Ferenc Jr."]
[Black "Gretarsson, Hjorvar Steinn"]
[Result "0-1"]
[WhiteTitle "FM"]
[BlackTitle "GM"]
[WhiteElo "2191"]
[BlackElo "2603"]
[WhiteFideId "775029"]
[BlackFideId "2302241"]
[EventDate "2021.08.26"]

1. c4 f5 2. g3 Nf6 3. Nc3 e5 4. Nf3 Nc6 5. d4 e4 6. Nh4 d5 7. c5 Be7 8. a3 a5 9.
Ng2 b6 10. cxb6 cxb6 11. e3 O-O 12. Nf4 g5 13. Nfxd5 Nxd5 14. Bc4 Be6 15. Nxd5
Bxd5 16. Qb3 Bf7 17. Bd2 a4 18. Qb5 Na5 19. Bxf7+ Rxf7 20. Qxa4 Qd5 21. Bxa5
Qxa5+ 22. Qxa5 bxa5 23. Kd2 Rb8 24. Ra2 Bf8 25. Rc1 Rfb7 26. Rc2 Rb3 27. Kc1 f4
28. gxf4 gxf4 29. exf4 Bd6 30. Rc3 Bxf4+ 31. Kc2 a4 32. d5 Kg7 33. Rc4 Rf3 34.
Rxe4 Rc8+ 35. Kd1 Rxf2 36. Ra1 Rxh2 37. d6 Bxd6 38. Re2 Rxe2 39. Kxe2 Rc2+ 40.
Kd3 Rxb2 41. Kc4 Rb3 42. Kd5 Bg3 43. Ke6 Kg6 44. Ra2 h5 45. Kd5 h4 46. Ra1 h3
47. Ra2 Rb1 0-1

[Event "21st ch-EUR Indiv 2021"]
[Site "Reykjavik ISL"]
[Date "2021.09.04"]
[Round "10.54"]
[White "Birkisson, Bardur Orn"]
[Black "Stefansson, Vignir Vatnar"]
[Result "0-1"]
[WhiteTitle "CM"]
[BlackTitle "IM"]
[WhiteElo "2163"]
[BlackElo "2371"]
[WhiteFideId "2310597"]
[BlackFideId "2308649"]
[EventDate "2021.08.26"]

1. c4 e6 2. g3 d5 3. Nf3 Nf6 4. Bg2 Nc6 5. d4 Bb4+ 6. Bd2 Bd6 7. O-O dxc4 8. Qc2
O-O 9. Qxc4 a6 10. Rd1 Qe8 11. Bf4 Bd7 12. Ne5 b5 13. Qc1 Nd5 14. Nxd7 Qxd7 15.
Bxd6 Qxd6 16. Nc3 Rfd8 17. Ne4 Qd7 18. Nc5 Qe8 19. e4 Nb6 20. d5 Ne5 21. dxe6
fxe6 22. Qg5 Nbc4 23. b3 h6 24. Qf4 Rxd1+ 25. Rxd1 Qh5 26. Rd4 Rf8 27. Qc1 Ng4
28. h3 Qxc5 29. hxg4 Qxd4 0-1

[Event "21st ch-EUR Indiv 2021"]
[Site "Reykjavik ISL"]
[Date "2021.09.04"]
[Round "10.55"]
[White "Stremavicius, Pijus"]
[Black "Sylvan, Jacob"]
[Result "0-1"]
[BlackTitle "IM"]
[WhiteElo "2146"]
[BlackElo "2307"]
[WhiteFideId "12812730"]
[BlackFideId "1402137"]
[EventDate "2021.08.26"]

1. d4 Nf6 2. Nf3 g6 3. Bg5 Bg7 4. Nbd2 d5 5. Bxf6 Bxf6 6. e4 dxe4 7. Nxe4 Bg7 8.
Bc4 O-O 9. c3 Nd7 10. Neg5 Nb6 11. Bxf7+ Rxf7 12. Nxf7 Kxf7 13. O-O Bf6 14. Re1
Bg4 15. Ne5+ Bxe5 16. Qxg4 Bf6 17. Re6 Qd5 18. Rae1 Rf8 19. b3 Qf5 20. Qe2 Nd5
21. g3 Nxc3 22. Qc4 Nd5 23. R6e5 Bxe5 24. Qxd5+ Ke8 25. Qxe5 Qxf2+ 26. Kh1 Qf6
27. Kg2 Qxe5 28. Rxe5 Rf5 29. Rxf5 gxf5 30. Kf3 Kf7 31. Kf4 Kf6 32. b4 c6 33. a4
h6 34. h3 Ke6 35. h4 Kf6 36. g4 fxg4 37. Kxg4 a5 38. bxa5 e5 39. dxe5+ Kxe5 40.
Kf3 c5 41. Ke3 c4 42. Kd2 Kd4 43. h5 c3+ 44. Kc2 Kc4 45. Kc1 Kb3 46. Kb1 c2+ 47.
Kc1 Kc3 0-1

[Event "21st ch-EUR Indiv 2021"]
[Site "Reykjavik ISL"]
[Date "2021.09.04"]
[Round "10.56"]
[White "Milikow, Yoav"]
[Black "Player, Edmund C"]
[Result "0-1"]
[WhiteTitle "FM"]
[WhiteElo "2287"]
[BlackElo "2172"]
[WhiteFideId "2822237"]
[BlackFideId "406520"]
[EventDate "2021.08.26"]

1. d4 d5 2. c4 dxc4 3. Nf3 Nf6 4. e3 a6 5. Bxc4 b5 6. Bd3 Bb7 7. O-O e6 8. a4 b4
9. Qe2 c5 10. dxc5 Nbd7 11. c6 Bxc6 12. Bxa6 Qb6 13. Bc4 Rxa4 14. Rxa4 Bxa4 15.
e4 Bc6 16. Nbd2 Be7 17. e5 Nd5 18. Qe4 g6 19. Qg4 h5 20. Qg3 h4 21. Qg4 Rh5 22.
Re1 Qc7 23. Qd4 Bc5 24. Qe4 Qb6 25. Qe2 Nf4 26. Qf1 Rf5 27. Re4 Bxe4 28. Nxe4
Nh3+ 29. gxh3 Rxf3 30. Bb5 Rf5 31. Qd3 Bxf2+ 32. Kg2 Bd4 33. Nd6+ Kf8 34. Bxd7
Rf2+ 35. Kh1 Qa7 36. Bxe6 Bxe5 37. Bh6+ Bg7 38. Bxg7+ Kxg7 39. Ba2 Qc5 40. Bc4
Qe5 0-1

[Event "21st ch-EUR Indiv 2021"]
[Site "Reykjavik ISL"]
[Date "2021.09.04"]
[Round "10.57"]
[White "Mai, Alexander Oliver"]
[Black "Vedder, Richard"]
[Result "1/2-1/2"]
[BlackTitle "FM"]
[WhiteElo "2090"]
[BlackElo "2266"]
[WhiteFideId "2313391"]
[BlackFideId "1004166"]
[EventDate "2021.08.26"]

1. e4 e5 2. Nf3 Nc6 3. d4 exd4 4. Nxd4 Nf6 5. Nxc6 bxc6 6. e5 Qe7 7. Qe2 Nd5 8.
g3 a5 9. Bg2 Ba6 10. c4 Nb6 11. b3 Qe6 12. Bb2 Bb4+ 13. Nd2 O-O 14. O-O d5 15.
Rac1 Rfd8 16. Rfd1 dxc4 17. Nxc4 Rxd1+ 18. Qxd1 Bxc4 19. bxc4 Nxc4 20. Qb3 Nxb2
21. Qxb2 Rd8 22. Bxc6 Rd2 23. Rc2 Rxc2 24. Qxc2 Qxe5 25. Kg2 g5 26. Qe4 Qf6 27.
Qf3 Kg7 28. Bd5 c5 29. Qxf6+ Kxf6 30. Kf3 h5 31. h3 Be1 32. Ke2 Bc3 33. Bc4 Bd4
34. Kf3 Ke7 35. g4 h4 36. a4 f6 37. Ke4 Bxf2 38. Bb3 Kd6 39. Bc4 Be1 40. Kf5 Bc3
41. Ke4 Bb2 42. Kf5 1/2-1/2

[Event "21st ch-EUR Indiv 2021"]
[Site "Reykjavik ISL"]
[Date "2021.09.04"]
[Round "10.58"]
[White "Johannsdottir, Johanna Bjorg"]
[Black "Koellner, Aaron Noah"]
[Result "1-0"]
[WhiteElo "2019"]
[BlackElo "2248"]
[WhiteFideId "2303108"]
[BlackFideId "12993085"]
[EventDate "2021.08.26"]

1. e4 c5 2. Nf3 Nf6 3. d3 d5 4. Nbd2 Bg4 5. Be2 e6 6. O-O Nc6 7. Re1 Qc7 8. exd5
Nxd5 9. Ne4 h6 10. h3 Bh5 11. c3 Be7 12. Nd4 Bxe2 13. Nxe2 Rd8 14. N2g3 Nf4 15.
Qg4 Nxd3 16. Qxg7 Qe5 17. Qxe5 Ncxe5 18. Re2 Nxc1 19. Rxc1 Nd3 20. Rcc2 h5 21.
c4 h4 22. Nf1 f5 23. Nc3 Nf4 24. Re3 Kf7 25. Ne2 Nd3 26. Rd2 Nb4 27. a3 Rxd2 28.
Nxd2 Rd8 29. Nf3 Rd1+ 30. Kh2 Bd6+ 31. g3 hxg3+ 32. fxg3 Nd3 33. Ng5+ Kf6 34.
Rxe6+ Kxg5 35. Rxd6 Rd2 1-0

[Event "21st ch-EUR Indiv 2021"]
[Site "Reykjavik ISL"]
[Date "2021.09.04"]
[Round "10.59"]
[White "Humburg, Philipp"]
[Black "Johannsson, Birkir Isak"]
[Result "1-0"]
[WhiteElo "2245"]
[BlackElo "2052"]
[WhiteFideId "24656151"]
[BlackFideId "2314673"]
[EventDate "2021.08.26"]

1. e4 e5 2. Nf3 Nc6 3. Bc4 Bc5 4. c3 Nf6 5. d3 d6 6. O-O h6 7. Re1 O-O 8. h3 a5
9. Nbd2 a4 10. Nf1 Ra5 11. a3 Be6 12. Ng3 Bxc4 13. dxc4 Ne7 14. Nh4 Ng6 15. Nhf5
Ne7 16. Qf3 Nxf5 17. Nxf5 Kh7 18. Qg3 Ne8 19. Bd2 Qf6 20. Rad1 Qe6 21. Bc1 Qxc4
22. Rd5 c6 23. Bxh6 gxh6 24. Qh4 f6 25. Qxh6+ Kg8 26. Qg6+ Kh8 27. Ne7 1-0

[Event "21st ch-EUR Indiv 2021"]
[Site "Reykjavik ISL"]
[Date "2021.09.04"]
[Round "10.60"]
[White "Papidakis, Georgios"]
[Black "Moller, Agnar T"]
[Result "1/2-1/2"]
[WhiteElo "2228"]
[BlackElo "1932"]
[WhiteFideId "4295099"]
[BlackFideId "2303469"]
[EventDate "2021.08.26"]

1. e4 e5 2. Nc3 Nf6 3. d4 d6 4. Nge2 Nbd7 5. h3 Be7 6. g4 h6 7. Bg2 g5 8. Ng3
Nf8 9. Be3 Ng6 10. Qd2 c6 11. O-O-O Qa5 12. Kb1 Kf8 13. Nf5 Bxf5 14. exf5 Nf4
15. Bxf4 exf4 16. Rhe1 Re8 17. d5 c5 18. Re2 Nd7 19. Rde1 Ne5 20. Rxe5 dxe5 21.
d6 Bf6 22. Qd5 Qb4 23. Re4 Qb6 24. Rc4 e4 25. Bxe4 Rd8 26. Qxb7 Rxd6 27. Kc1 Kg7
28. Qxb6 axb6 29. Nb5 Rd7 30. Ra4 h5 1/2-1/2

[Event "21st ch-EUR Indiv 2021"]
[Site "Reykjavik ISL"]
[Date "2021.09.04"]
[Round "10.61"]
[White "Ragnarsson, Johann"]
[Black "Lorscheid, Gerhard"]
[Result "0-1"]
[BlackTitle "FM"]
[WhiteElo "1916"]
[BlackElo "2202"]
[WhiteFideId "2301040"]
[BlackFideId "4606000"]
[EventDate "2021.08.26"]

1. d4 d6 2. c4 Nd7 3. e4 e5 4. d5 Be7 5. g3 Bg5 6. f4 exf4 7. gxf4 Bh4+ 8. Kd2
Ngf6 9. Qe2 Qe7 10. Nc3 Nc5 11. Bg2 Bg4 12. Qe3 O-O 13. b4 Ncxe4+ 14. Bxe4 Rfe8
15. Bxh7+ Kxh7 16. Qxe7 Rxe7 17. h3 Bh5 18. Kc2 Ne4 19. Bb2 Bg6 20. Rh2 Bg3 21.
Rg2 Bxf4 22. Kb3 Nd2+ 23. Ka4 Nxc4 24. Bc1 Be5 25. Kb3 Nb6 26. Nge2 a5 27. b5
Bd3 28. Bb2 a4+ 29. Kb4 a3 30. Bxa3 Bxe2 0-1

[Event "21st ch-EUR Indiv 2021"]
[Site "Reykjavik ISL"]
[Date "2021.09.04"]
[Round "10.62"]
[White "Thorhallsson, Simon"]
[Black "Kueng, Nicolas"]
[Result "1-0"]
[WhiteElo "2199"]
[BlackElo "2005"]
[WhiteFideId "2310090"]
[BlackFideId "1336126"]
[EventDate "2021.08.26"]

1. d4 Nf6 2. c4 g6 3. Nc3 Bg7 4. Nf3 O-O 5. Bg5 d6 6. e3 c5 7. d5 h6 8. Bh4 g5
9. Bg3 Nh5 10. Bd3 f5 11. Nd2 Nxg3 12. hxg3 Qe8 13. Qc2 Na6 14. a3 Nc7 15. O-O-O
a6 16. f4 b5 17. fxg5 b4 18. axb4 cxb4 19. Ne2 b3 20. Nxb3 Rb8 21. Nbd4 Bd7 22.
Nc3 e6 23. dxe6 Bxe6 24. Rde1 Rb4 25. Nxf5 Bxf5 26. Bxf5 Rxc4 27. Bd3 Rc5 28.
Qb3+ Kh8 29. Kb1 Qa8 30. Rxh6+ Bxh6 31. Rh1 Rxg5 32. Rxh6+ Kg7 33. Rh7+ Kf6 34.
Ne4+ Qxe4 35. Bxe4 Rb5 36. Qd1 Ke6 37. Bc6 Rfb8 38. Bxb5 Rxb5 39. Qg4+ 1-0

[Event "21st ch-EUR Indiv 2021"]
[Site "Reykjavik ISL"]
[Date "2021.09.04"]
[Round "10.63"]
[White "Petursson, Gudni"]
[Black "Wecker, Martin"]
[Result "0-1"]
[WhiteElo "1988"]
[BlackElo "2195"]
[WhiteFideId "2301725"]
[BlackFideId "12931462"]
[EventDate "2021.08.26"]

1. d4 Nf6 2. c4 e6 3. g3 c5 4. Nf3 cxd4 5. Nxd4 d5 6. Bg2 e5 7. Nc2 d4 8. O-O
Nc6 9. e3 d3 10. Ne1 Bf5 11. Nc3 e4 12. Bd2 Bc5 13. Na4 Be7 14. Bc3 O-O 15. h3
Qc7 16. Kh2 Rad8 17. Qd2 h5 18. Bxf6 Bxf6 19. Nc3 Bxc3 20. bxc3 Ne5 21. f3 h4
22. fxe4 hxg3+ 23. Kh1 Nxc4 24. Qd1 Nxe3 25. Qf3 Nxf1 0-1

[Event "21st ch-EUR Indiv 2021"]
[Site "Reykjavik ISL"]
[Date "2021.09.04"]
[Round "10.64"]
[White "Heimisson, Hilmir Freyr"]
[Black "Van Hoolandt, Patrick"]
[Result "1-0"]
[WhiteTitle "FM"]
[BlackTitle "FM"]
[WhiteElo "2309"]
[BlackElo "2010"]
[WhiteFideId "2309998"]
[BlackFideId "200999"]
[EventDate "2021.08.26"]

1. d4 Nf6 2. c4 e6 3. Nc3 Bb4 4. Qc2 O-O 5. Nf3 c5 6. dxc5 Na6 7. g3 Nxc5 8. Bg2
Nce4 9. O-O Nxc3 10. bxc3 Be7 11. e4 d6 12. e5 dxe5 13. Nxe5 Qa5 14. Re1 Nd7 15.
Bf4 Bf6 16. Rab1 Bxe5 17. Bxe5 Nxe5 18. Rb5 Qc7 19. Rbxe5 Qxc4 20. Rh5 f5 21.
Rh4 Qc7 22. Qb3 Kh8 23. Rc4 Qe7 24. Qb4 Qxb4 25. cxb4 Rd8 26. Rc7 Rd7 27. Rec1
Rxc7 28. Rxc7 h6 29. f4 Rb8 30. b5 Kh7 31. Kf2 Kg6 32. Ke3 Kf6 33. Kd4 g5 34. h4
Kg6 35. Bf3 g4 36. Bg2 Kf6 37. a4 h5 38. a5 a6 39. b6 Kg6 40. Ke5 Kh6 41. Rf7
Kg6 42. Re7 Kh6 43. Kd6 1-0

[Event "21st ch-EUR Indiv 2021"]
[Site "Reykjavik ISL"]
[Date "2021.09.04"]
[Round "10.65"]
[White "Heidarsson, Arnar Milutin"]
[Black "Milikow, Elie"]
[Result "1/2-1/2"]
[BlackTitle "CM"]
[WhiteElo "1916"]
[BlackElo "2242"]
[WhiteFideId "2312875"]
[BlackFideId "371281868"]
[EventDate "2021.08.26"]

1. d4 Nf6 2. Bf4 g6 3. e3 Bg7 4. Bd3 d6 5. Nf3 O-O 6. c3 b6 7. Nbd2 Bb7 8. Qe2
a5 9. e4 Nh5 10. Be3 e5 11. dxe5 dxe5 12. O-O-O h6 13. g4 Nf4 14. Bxf4 exf4 15.
h4 Qe7 16. h5 g5 17. Rhe1 Nd7 18. Nb3 Ne5 19. Nbd4 a4 20. Nf5 Qc5 21. Nxg7 Kxg7
22. Nxe5 Qxe5 23. a3 Rfe8 24. f3 Re7 25. Bc2 b5 26. Qd3 Rae8 27. Qd4 Bc8 28.
Qxe5+ Rxe5 29. Rf1 Be6 30. Rd4 Kf6 31. Rfd1 Ke7 32. R1d2 Rb8 33. Rd1 Rc5 34.
R1d2 f6 35. Rd1 Rc6 36. Re1 Rc5 37. Red1 Rc4 38. Rxc4 Bxc4 39. Bd3 Bb3 40. Bc2
Bf7 41. Rd4 Bc4 42. Rd2 Rb6 43. Bd3 Bxd3 44. Rxd3 Rd6 45. Kd2 Kd7 46. Rd4 Ke6
47. Kc2 c5 48. Rxd6+ Kxd6 1/2-1/2

[Event "21st ch-EUR Indiv 2021"]
[Site "Reykjavik ISL"]
[Date "2021.09.04"]
[Round "10.66"]
[White "Ptacnikova, Lenka"]
[Black "Briem, Benedikt"]
[Result "1-0"]
[WhiteTitle "WGM"]
[WhiteElo "2109"]
[BlackElo "1858"]
[WhiteFideId "305650"]
[BlackFideId "2315432"]
[EventDate "2021.08.26"]

1. e4 e6 2. d4 d5 3. Nd2 c5 4. exd5 Qxd5 5. Ngf3 cxd4 6. Bc4 Qd6 7. O-O Nc6 8.
Nb3 a6 9. Nbxd4 Nxd4 10. Qxd4 Qxd4 11. Nxd4 Bd7 12. a4 Ne7 13. c3 Nc6 14. Be3
Rc8 15. Bd3 Be7 16. Be4 f5 17. Nxc6 Bxc6 18. Bxc6+ Rxc6 19. Rfd1 Rd6 20. Kf1 e5
21. f3 Kf7 22. Re1 Rc8 23. Re2 Rd5 24. Rae1 Bh4 25. g3 Bf6 26. Rc2 h5 27. Ke2
Rcd8 28. b4 Rd3 29. Rf1 Ke6 30. b5 axb5 31. axb5 g5 32. Bd4 exd4 33. Kxd3 dxc3+
34. Kc4 b6 35. Re1+ Kf7 36. Re3 h4 37. Rd3 Rc8+ 38. Kb4 Be5 39. f4 gxf4 40. gxh4
Ke6 41. h5 Rh8 42. Re2 Kf6 43. Rh3 f3 44. Rxf3 Rxh5 45. Rfe3 f4 46. Re4 f3 47.
Rf2 Rf5 48. Kb3 Kg5 49. Rxf3 Rxf3 50. Rxe5+ Kf6 51. Re8 c2+ 52. Kxc2 Rf2+ 53.
Kc3 Rxh2 54. Rb8 Ke5 55. Rxb6 Rh4 56. Rc6 Kd5 57. Rc8 Kd6 58. b6 Rh7 59. Kb4 Rh1
60. Kb5 Ra1 61. b7 Rb1+ 62. Ka6 Ra1+ 63. Kb6 Rb1+ 64. Ka7 Ra1+ 65. Kb8 Kd7 66.
Rc7+ Kd8 67. Rc4 Kd7 68. Rd4+ Ke7 69. Kc7 Rc1+ 70. Kb6 Rb1+ 71. Kc6 Rb2 72. Rd5
Rc2+ 73. Rc5 Rb2 74. Rb5 Rxb5 75. Kxb5 1-0

[Event "21st ch-EUR Indiv 2021"]
[Site "Reykjavik ISL"]
[Date "2021.09.04"]
[Round "10.67"]
[White "Jonsson, Gauti Pall"]
[Black "Gudmundsson, Gunnar Erik"]
[Result "0-1"]
[WhiteElo "2070"]
[BlackElo "1844"]
[WhiteFideId "2309092"]
[BlackFideId "2314339"]
[EventDate "2021.08.26"]

1. e4 e6 2. d4 d5 3. Nd2 dxe4 4. Nxe4 Nd7 5. Nf3 Ngf6 6. Nxf6+ Nxf6 7. g3 b6 8.
Bg2 Bb7 9. Be3 Be7 10. O-O Qc8 11. Qe2 O-O 12. Rfd1 c5 13. a4 a6 14. dxc5 Bxc5
15. Bd4 Nd5 16. Qe5 f6 17. Qh5 g6 18. Qh6 Qc7 19. Bh3 Rae8 20. Bg4 e5 21. Bxc5
Qxc5 22. h4 Qxc2 23. Rac1 Qe4 24. Rc7 Nxc7 25. Rd7 Rf7 26. Rxf7 Kxf7 27. Qxh7+
Kf8 28. h5 Qxg4 29. hxg6 Bd5 30. Qh8+ Ke7 31. Qg7+ Kd8 32. Qxf6+ Kc8 0-1

[Event "21st ch-EUR Indiv 2021"]
[Site "Reykjavik ISL"]
[Date "2021.09.04"]
[Round "10.68"]
[White "Karlsson, Mikael Johann"]
[Black "Agustsson, Hafsteinn"]
[Result "1-0"]
[WhiteElo "2067"]
[BlackElo "1803"]
[WhiteFideId "2305194"]
[BlackFideId "2302047"]
[EventDate "2021.08.26"]

1. c4 Nf6 2. d4 e6 3. Nf3 d5 4. g3 dxc4 5. Bg2 Bb4+ 6. Bd2 Qe7 7. Qa4+ Nc6 8.
Ne5 Bd7 9. Nxc6 Bxd2+ 10. Nxd2 bxc6 11. Nxc4 O-O 12. O-O Nd5 13. Rac1 c5 14. Qa3
Bb5 15. Rfd1 Rab8 16. e4 Nb6 17. Ne3 a6 18. b3 Rfd8 19. Qxc5 Rd7 20. Rd2 Rbd8
21. a4 Qxc5 22. Rxc5 Bxa4 23. bxa4 Nxa4 24. Rc4 Nb6 25. Rc6 a5 26. d5 a4 27.
Rdc2 a3 28. Ra2 Ra8 29. Rc3 exd5 30. exd5 1-0